|
|
|
|
| LEADER |
01525nam a2200397Ia 4500 |
| 001 |
EBC1173090 |
| 003 |
MiAaPQ |
| 005 |
20200520144314.0 |
| 006 |
m o d | |
| 007 |
cr cn||||||||| |
| 008 |
121227s2013 ne sb 001 0 eng d |
| 010 |
|
|
|z 2012051264
|
| 020 |
|
|
|z 9789004226814 (pbk. : alk. paper)
|
| 020 |
|
|
|a 9789004249509 (electronic bk.)
|
| 035 |
|
|
|a (MiAaPQ)EBC1173090
|
| 035 |
|
|
|a (Au-PeEL)EBL1173090
|
| 035 |
|
|
|a (CaPaEBR)ebr10689437
|
| 035 |
|
|
|a (CaONFJC)MIL478897
|
| 035 |
|
|
|a (OCoLC)842972043
|
| 040 |
|
|
|a MiAaPQ
|c MiAaPQ
|d MiAaPQ
|
| 050 |
|
4 |
|a HB2096.42.A3
|b M54 2013
|
| 082 |
0 |
4 |
|a 304.80958
|2 23
|
| 245 |
0 |
0 |
|a Migration and social upheaval in the face of globalization in Central Asia
|h [electronic resource] /
|c by Marlene Laruelle.
|
| 260 |
|
|
|a Leiden ;
|a Boston :
|b Brill,
|c 2013.
|
| 300 |
|
|
|a vii, 413 p.
|
| 490 |
0 |
|
|a Social sciences in Asia ;
|v v. 34
|
| 504 |
|
|
|a Includes bibliographical references and index.
|
| 533 |
|
|
|a Electronic reproduction. Ann Arbor, MI : ProQuest, 2015. Available via World Wide Web. Access may be limited to ProQuest affiliated libraries.
|
| 650 |
|
0 |
|a Globalization
|z Asia, Central.
|
| 650 |
|
0 |
|a Migration, Internal
|z Asia, Central.
|
| 651 |
|
0 |
|a Asia, Central
|x Economic conditions
|y 1991-
|
| 651 |
|
0 |
|a Asia, Central
|x Social conditions
|y 1991-
|
| 655 |
|
4 |
|a Electronic books.
|
| 700 |
1 |
|
|a Laruelle, Marlene.
|
| 710 |
2 |
|
|a ProQuest (Firm)
|
| 856 |
4 |
0 |
|u https://ebookcentral.proquest.com/lib/matrademy/detail.action?docID=1173090
|z Click to View
|